Logo BPK

Biblioteka

Politechniki Koszalińskiej

Dziecko autystyczne : (Rekord nr 1197)

Szczegóły MARC
000 -ETYKIETA REKORDU
podpole kontrolne o stałej długości 00474nam a2200181 i 4500
001 - NUMER KONTROLNY REKORDU
pole kontrolne bg
020 ## - MIĘDZYNARODOWY ZNORMALIZOWANY NUMER KSIĄŻKI - ISBN
ISBN 8301053844
040 ## - ŹRÓDŁO KATALOGOWANIA
Instytucja, która utworzyła rekord BPK
041 ## - KOD JĘZYKA
Kod języka tekstu pol
080 ## - UNIWERSALNA KLASYFIKACJA DZIESIĘTNA - UKD
UKD 376.4
920 ## - Międzynarodowy znormalizowany numer książki – ISBN
ISBN 83-01-05384-4
008 - POLE O STAŁEJ DŁUGOŚCI - DANE KONTROLNE
podpole kontrolne o stałej długości s pl f |000 0 pol
100 1# - NAZWA OSOBOWA
Nazwa osobowa GRODZKA, Magdalena
245 #0 - TYTUŁ/ODPOWIEDZIALNOŚĆ
Tytuł Dziecko autystyczne :
Ciąg dalszy tytułu dziennik terapeuty /
Pozostałe elementy strefy tytułu i oznaczenia odpowiedzialności Magdalena Grodzka.
260 ## - STREFA ADRESU WYDAWNICZEGO
Miejsce wydania Warszawa :
Nazwa wydawcy/dystrybutora Państwowe Wydaw. Naukowe,
Data publikacji, dystrybucji/powstania dokumentu 1984.
300 ## - STREFA OPISU FIZYCZNEGO
Objętość 101, [3] s. ;
Rozmiary 20 cm.
856 ## - LOKALIZACJA I DOSTĘP DO ELEKTRONICZNYCH DOKUMENTÓW ZDALNYCH
Link (URL) http://koha.tu.koszalin.pl/cgi-bin/koha/opac-detail.pl?biblionumber=1197
Tekst linku Katalog online BPK
942 ## - DODATKOWE ELEMENTY (KOHA)
Typ dokumentu Książka
Egzemplarze
Wycofany Status egzemplarza Uszkodzony Dostępność Lokalizacja stała Lokalizacja bieżąca Miejsce przechowywania Sygnatura Kod kreskowy Typ dokumentu
      Dostępny Biblioteka Politechniki Koszalińskiej Biblioteka Politechniki Koszalińskiej Wypożyczalnia BG P 22823 01932829 Książka
© 2023 Biblioteka Politechniki Koszalińskiej :: KOHA